Missing Word: 'H' History Figures Quiz Stats

 Plays Quiz Updated Dec 10, 2014

Challenge
Share
Tweet
Embed
Score 0/30 Timer 04:00
2 Plays Today
Hint Answer % Correct
____ VIII - King of EnglandHenry
98.4%
____ - Iliad authorHomer
88.4%
____ Tubman - abolitionistHarriet
86%
Ernest ____ - authorHemingway
84.1%
Alfred ____ - filmmakerHitchcock
84.1%
Mata ____ - dancerHari
74.6%
____ Milk - politicianHarvey
74.3%
Edmund ____ - mountaineerHillary
68%
Alexander ____ - US Secretary of the TreasuryHamilton
62.4%
Langston ____ - authorHughes
60.5%
____ Cortés - conquistadorHernán
59.2%
____ S. Thompson - authorHunter
57.4%
George Frideric ____ - composerHandel
53.9%
____ - Carthaginian generalHannibal
50%
____ Selassie - Emperor of EthiopiaHaile
46.5%
Hint Answer % Correct
____ - ancient Greek physician Hippocrates
45.8%
____ Mubarak - President of EgyptHosni
43.6%
____ Holbein the Younger - painterHans
38.2%
Zora Neale ____ - authorHurston
25.7%
____ - ancient Greek historianHerodotus
24.7%
Jan ____ - religious reformerHus
23.1%
____ - Roman emperorHadrian
22.7%
____ Bosch - painterHieronymus
20%
____ Arendt - political theoristHannah
18%
____ Bluetooth - King of Denmark and NorwayHarald
16.7%
____ - pharaoh queenHatshepsut
12.8%
Theodor ____ - father of modern ZionismHerzl
9.2%
Father Miguel ____ - Mexican independence leaderHidalgo
8.3%
____ Xiuquan - Taiping revolutionaryHong
6.7%
____ Capac - Inca emperorHuayna
3.9%

Today's Daily Dose

Word Ladder
Faux Pas

Quick Pick
Pacific Islands

On This Day
November 20th II

You're not logged in!

Compare scores with friends on all Sporcle quizzes.
Join for Free
OR
Log In

You Might Also Like...

Show Comments

Extras

Top Quizzes Today


Score Distribution

Your Account Isn't Verified!

In order to create a playlist on Sporcle, you need to verify the email address you used during registration. Go to your Sporcle Settings to finish the process.

Report this User

Report this user for behavior that violates our Community Guidelines.

Details: